Is everyone really equal?: An introduction to key concepts in social justice education.
Uloženo v:
| Hlavní autoři: | , |
|---|---|
| Médium: | Neznámo |
| Vydáno: |
New York, USA:
Teachers College Press,
2017.
|
| Vydání: | Second edition. |
| Témata: | |
| Tagy: |
Přidat tag
Žádné tagy, Buďte první, kdo vytvoří štítek k tomuto záznamu!
|
MARC
| LEADER | 00000 a2200000 4500 | ||
|---|---|---|---|
| 003 | CL-VaPUC | ||
| 005 | 20240506101611.0 | ||
| 008 | 240425t2017 ||||| |||| 00| 0 eng d | ||
| 999 | |c 443361 |d 443359 | ||
| 020 | |a 9780807758618 | ||
| 040 | |c Pontificia Universidad Católica de Valparaíso | ||
| 082 | 7 | |a 371.115 SEN 2017 |2 23 | |
| 100 | |a Sensoy, Özlem |9 888022 |e author | ||
| 245 | |a Is everyone really equal?: |b An introduction to key concepts in social justice education. | ||
| 250 | |a Second edition. | ||
| 260 | |a New York, USA: |b Teachers College Press, |c 2017. | ||
| 300 | |a xxvii, 259 páginas. | ||
| 583 | |k GC |c 20240425 | ||
| 650 | 0 | |a Sociología de la educación |9 260380 | |
| 650 | 0 | |a Justicia social |x Estudio y enseñanza |9 888593 | |
| 650 | 0 | |a Enseñanza |x Aspectos sociales |9 888594 | |
| 650 | 0 | |a Racismo en educación |9 888595 | |
| 700 | |a DiAngelo, Robin |e author |9 888596 | ||
| 942 | |2 ddc |c BK | ||
| 952 | |0 0 |1 0 |2 ddc |4 0 |6 371_115000000000000_SEN_2017 |7 0 |8 A |9 594222 |a BIBEDU |b BIBEDU |c S_PSTGRDO |d 2024-04-24 |e 3 |g 47216.00 |i 5660884 |l 1 |o 371.115 SEN 2017 |p 5660884 |r 2025-01-22 |s 2024-05-06 |t 1 |v 47216.00 |w 2024-04-24 |y BK |k DED | ||